000 00916cam a22002651 4500
001 0000005525
005 20170406120800.0
008 720615s1961 xx 000 0 eng
010 _a 61009460
035 _9(DLC) 61009460
035 _a(OCoLC)333059
040 _aDLC
_cONowdM
_dMnMohC
_dDLC
042 _aemarc=LC PreMARC Retrospective Conversion Project
050 0 0 _aBR117
_b.K713
100 1 _aKranz, Gisbert.
245 1 0 _aModern Christian literature /
_cTranslated from the French by J.R.Foster.
250 _a[1st ed.]
260 _aNew York :
_bHawthorn Books,
_c[1961]
300 _a174 p. ;
_c21 cm.
440 0 _aTwentieth century encyclopedia of catholicism ;
_v119. Section 11: Catholicism and literature
504 _aIncludes bibliography.
650 0 _aReligious literature
_xHistory and criticism.
908 _a150108
999 _c5315
_d5315